• 首页
  • 本馆介绍
  • 公告通知
  • 最新文献
  • 馆藏检索
  • 电子资源
  • 读者导购
  • 参考咨询
  • 我的图书馆
  • 登录
  • 详细信息显示
  • 放入我的书架
  • 预约/预借图书
  • 作者相关作品
  • 分类相关作品
  • 丛书相关作品
  • 出版社相关作品

书目信息

  • 表格格式
  • 工作单格式
  • 卡片格式
题名:
统一战线九讲
    
 
作者: 艾新强, 著
分册:  
出版信息: 北京   华文出版社  2020.12
页数: 225页
开本: 24cm
丛书名:
单 册:
中图分类: D613
科图分类:
主题词: 统一战线工作--tong yi zhan xian gong zuo--研究--中国
电子资源:
ISBN: 978-7-5075-5366-6
000 01008nam0 2200265 450
001 CAL 010278027
005 20230217093111.0
010    @a978-7-5075-5366-6@dCNY56.00
100    @a20210113d2020 em y0chiy0120 ea
101 0  @achi
102    @aCN@b110000
105    @ay a 000yy
106    @ar
200 1  @a统一战线九讲@Atong yi zhan xian jiu jiang@f艾新强著
210    @a北京@c华文出版社@d2020.12
215    @a225页@d24cm
306    @a本书由广西社会主义学院资助出版
314    @a艾新强, 法学博士。广西社会主义学院科研部主任, 教授, 广西壮族自治区讲师团特聘专家。
320    @a有书目 (第220-222页)
330    @a本书是作者多年学习马列主义统一战线理论、统一战线史的成果汇报。分“统一战线的若干基本理论问题”“经典著作中关于统一战线的基本理论原理”“中国共产党的统一战线”三部分, 细分为九讲。
606 0  @a统一战线工作@Atong yi zhan xian gong zuo@x研究@y中国
690    @aD613@v5
701  0 @a艾新强,@Aai xin qiang@f1963-@4著
801  0 @aCN@bBJXHZP@c20230228
905    @b1391815-9@dD613@e339@f5
    
    统一战线九讲/艾新强著.-北京:华文出版社,2020.12
    225页;24cm
    
    
    ISBN 978-7-5075-5366-6:CNY56.00
    本书是作者多年学习马列主义统一战线理论、统一战线史的成果汇报。分“统一战线的若干基本理论问题”“经典著作中关于统一战线的基本理论原理”“中国共产党的统一战线”三部分, 细分为九讲。
●
相关链接 在E读中查询图书 在五车中查询图书 在当当中查询图书 在豆瓣中查询图书


正题名:统一战线九讲     索取号:D613/339         预约/预借

序号 登录号 条形码 馆藏地/架位号 状态 备注
1 1391815   213918153   第一样本阅览室/ [索取号:D613/339] 在馆    
2 1391816   213918162   第一借阅区/ [索取号:D613/339] 在馆    
3 1391817   213918171   第一借阅区/ [索取号:D613/339] 在馆    
4 1391818   213918180   第一借阅区/ [索取号:D613/339] 在馆    
5 1391819   213918199   第一借阅区/ [索取号:D613/339] 在馆    
唐山师范学院图书馆 欢迎您!
大连网信软件有限公司© 版权所有